Placental osseous metaplasia associated with abortion in a mare: case report (Registro n. 300897)
[ somente texto ]
| 000 -LÍDER | |
|---|---|
| fixed length control field | 03186nab a2200325 i 4500 |
| 003 - CÓDIGO MARC DA AGÊNCIA CATALOGADORA | |
| Campo de controle | BR-BrBNA |
| 005 - DATA E HORA DA ÚLTIMA ATUALIZAÇÃO | |
| Campo de controle | 20240815113437.0 |
| 008 - CAMPO DE TAMANHO FIXO | |
| fixed length control field | 240815b2018 bl.|r|pooa||| 00| 0 eng | |
| 040 ## - FONTE DA CATALOGAÇÃO | |
| Agência catalogadora | BR-BrBNA |
| Idioma da catalogação | eng |
| 072 ## - CATEGORIA AGRIS | |
| Código AGRIS | L53 |
| Código do objeto | 5120 |
| 072 ## - CATEGORIA AGRIS | |
| Código AGRIS | L70 |
| 100 ## - ENTRADA PRINCIPAL - NOME PESSOAL | |
| Nome pessoal | Lima, P.A. |
| 100 ## - ENTRADA PRINCIPAL - NOME PESSOAL | |
| Nome pessoal | Eckstein, C. |
| 100 ## - ENTRADA PRINCIPAL - NOME PESSOAL | |
| Nome pessoal | Ecco, R. |
| 100 ## - ENTRADA PRINCIPAL - NOME PESSOAL | |
| Nome pessoal | Santos, R.L. |
| 245 ## - TÍTULO PRINCIPAL | |
| Título principal | Placental osseous metaplasia associated with abortion in a mare: case report |
| 500 ## - NOTA GERAL | |
| Nota geral | Publicação online; 10 ref.; 2 illus.; Summaries (En, Pt) |
| 942 ## - ADDED ENTRY ELEMENTS (KOHA) | |
| Koha item type | |
| 520 ## - NOTA DE RESUMO | |
| Nota de conteúdo | <br/>ABSTRACT - The aim of this report is to describe a case of marked osseous metaplasia in the placenta associated with abortion in a mare. A 19-year-old Campolina mare with a history of multiple parturitions and absence of reproductive failure, aborted a fetus with approximately six months of gestation. There were no gross changes in the fetus and the placenta. Microscopically, there was multifocal replacement of fetal connective mesenchyme of the chorionic villi with well differentiated and partially mineralized osseous tissue (confirmed by von Kossa staining). To further characterize the collagenous component of the lesion, sections of the placenta were stained with Masson’s trichrome and Picrosirius red. Osseous tissue deposition had abundance of type I collagen. To the best of our knowledge, this is the first report of osseous metaplasia in the placenta of a mare associated with abortion at mid gestation, presumably due to placentary insufficiency.<br/><br/><br/>Keywords: equine, ossification, osseous matrix, collagen, chorionic villi |
| 520 ## - NOTA DE RESUMO | |
| Nota de conteúdo | <br/>RESUMO - O objetivo deste relato é descrever um caso de metaplasia óssea em placenta equina, associada a aborto. Uma égua da raça Campolina, com aproximadamente 19 anos de idade, após múltiplas gestações e sem histórico de alterações reprodutivas, abortou feto com idade aproximada de seis meses. Não foram observadas alterações macroscópicas no feto e na placenta. Microscopicamente, havia substituição do mesênquima de vilosidades coriônicas por tecido ósseo bem diferenciado e parcialmente mineralizado (confirmada pela coloração de von Kossa). Para caracterização do componente colagenoso, foram realizadas colorações de tricrômico de Masson e picrosirius red. O tecido ósseo tinha predominância de colágeno do tipo I. Este é o primeiro relato de metaplasia óssea na placenta equina, associada a aborto no terço médio da gestação, presumivelmente devido à insuficiência placentária.<br/><br/><br/>Palavras-chave: equino, metaplasia, matriz óssea, colágeno, vilosidades coriônicas |
| 650 ## - ASSUNTO - THESAGRO | |
| Cabeçalho tópico ou nome geográfico | ÉGUA |
| 650 ## - ASSUNTO - THESAGRO | |
| Cabeçalho tópico ou nome geográfico | METAPLASIA ÓSSEA |
| 650 ## - ASSUNTO - THESAGRO | |
| Cabeçalho tópico ou nome geográfico | COLÁGENO |
| 650 ## - ASSUNTO - THESAGRO | |
| Cabeçalho tópico ou nome geográfico | ABORTO |
| 650 ## - ASSUNTO - THESAGRO | |
| Cabeçalho tópico ou nome geográfico | PLACENTA |
| 650 ## - ASSUNTO - THESAGRO | |
| Cabeçalho tópico ou nome geográfico | VETERINÁRIA |
| 773 0# - ENTRADA ANALÍTICA | |
| Host Biblionumber | 1643 |
| Registro do item | 317174 |
| Imprenta | Belo Horizonte-MG Universidade Federal de Minas Gerais - Escola de Veterinaria 1983 |
| Outro identificador | 2024-3790 |
| Título | Arquivo Brasileiro de Medicina Veterinária e Zootecnia (Brazil) |
| ISSN | 0102-0935 |
| Colação | v. 70(1) p. 53-56; (2018) |
| Número de controle de registro | BR2024002272 |
| 856 ## - ACESSO E ENDEREÇO ELETRÔNICO | |
| Identificador uniforme de recurso - URI | https://www.scielo.br/j/abmvz/a/cF5mFwrvN6hwkBqnQB3f34d/?format=pdf&lang=en |
Nenhum exemplar disponível.

BINAGRI